书目信息 |
| 题名: |
有限单元法原理与应用(第二版)
|
|
| 作者: | 朱伯芳 著 | |
| 分册: | ||
| 出版信息: | 北京 中国水利水电出版社 1998.10 |
|
| 页数: | 607页 | |
| 开本: | 16开 | |
| 丛书名: | ||
| 单 册: | ||
| 中图分类: | O241.82 | |
| 科图分类: | ||
| 主题词: | 计算数学 | |
| 电子资源: | ||
| ISBN: | 7-80124-701-9 | |
| 000 | 00590nam0 2200193 45 | |
| 001 | 0008211063 | |
| 005 | 20001205162358.7 | |
| 010 | @a7-80124-701-9@d80.00元 | |
| 100 | @a20000821d1998 km y0chiy0120 ea | |
| 101 | 0 | @achi |
| 105 | @a z 000yy | |
| 200 | 1 | @a有限单元法原理与应用(第二版)@AYou Xian Dan Yuan Fa Yuan Li Yu Ying Yong(Di Er Ban)@f朱伯芳 著@FZhu Bo Fang Zhu |
| 210 | @a北京@c中国水利水电出版社@d1998.10 | |
| 215 | @a607页@d16开 | |
| 606 | 0 | @a计算数学 |
| 690 | @aO241.82@v3 | |
| 701 | 0 | @a朱伯芳@4著 |
| 801 | @aCN@bPftUser@c20000821 | |
| 905 | @dO241.82@eZH235=2@b514118-119@f2 | |
| 有限单元法原理与应用(第二版)/朱伯芳 著.-北京:中国水利水电出版社,1998.10 |
| 607页;16开 |
| ISBN 7-80124-701-9:80.00元 |
| ● |
| 相关链接 |
|
|
|
正题名:有限单元法原理与应用(第二版)
索取号:O241.82/ZH235=2
 
预约/预借
| 序号 | 登录号 | 条形码 | 馆藏地/架位号 | 状态 | 备注 |
| 1 | 514118 | 205141185 | 自科二线504/504自科库 49排2列6层/ [索取号:O241.82/ZH235=2] | 在馆 | |
| 2 | 514119 | 205141194 | 自科库401/401自科库 80排1列3层/ [索取号:O241.82/ZH235=2] | 在馆 |